书目信息 |
| 题名: |
未来制造新模式
|
|
| 作者: | 江志斌 编著 | |
| 分册: | ||
| 出版信息: | 北京 清华大学出版社 2020 |
|
| 页数: | 15,273页 | |
| 开本: | 24cm | |
| 丛书名: | 智能制造系列丛书 | |
| 单 册: | ||
| 中图分类: | TH166 | |
| 科图分类: | ||
| 主题词: | 智能制造系统 | |
| 电子资源: | ||
| ISBN: | 978-7-302-55857-6 | |
| 000 | 01186oam2 2200289 450 | |
| 001 | 2244788456 | |
| 005 | 20220921122650.49 | |
| 010 | @a978-7-302-55857-6@dCNY79.80 | |
| 100 | @a20210610d2020 em y0chiy50 ea | |
| 101 | 0 | @achi |
| 102 | @aCN@b110000 | |
| 105 | @aa z 000yy | |
| 200 | 1 | @a未来制造新模式@9wei lai zhi zao xin mo shi@e理论、模式及实践@dNew manufacturing modes for the future@etheories, paradigms, and practices@f江志斌[等]编著@zeng |
| 210 | @a北京@c清华大学出版社@d2020 | |
| 215 | @a15,273页@c图@d24cm | |
| 225 | 1 | @a智能制造系列丛书 |
| 300 | @a“十三五”国家重点图书出版规划项目 国家出版基金项目 | |
| 304 | @a中国机械工程学会组织编写 | |
| 304 | @a编著者还有:林文进、王康周、李乐飞、涂金 | |
| 330 | @a本书在介绍传统制造模式内涵和制造新模式的特点基础上,阐述了制造模式创新原理和驱动要素,提出了制造模式在实施过程中的演化和决策模型,回顾了中国企业实施制造新模式的概况。 | |
| 461 | 0 | @12001 @a智能制造系列丛书 |
| 510 | 1 | @aNew manufacturing modes for the future@etheories, paradigms, and practices@zeng |
| 606 | 0 | @a智能制造系统 |
| 690 | @aTH166@v5 | |
| 701 | 0 | @a江志斌@9jiang zhi bin@4编著 |
| 801 | 0 | @aCN@b91MARC@c20210808 |
| 905 | @aZUCC@dTH166@e12 | |
| 未来制造新模式:理论、模式及实践=New manufacturing modes for the future:theories, paradigms, and practices/江志斌[等]编著.-北京:清华大学出版社,2020 |
| 15,273页:图;24cm.-(智能制造系列丛书) |
| “十三五”国家重点图书出版规划项目 国家出版基金项目 |
| ISBN 978-7-302-55857-6:CNY79.80 |
| 本书在介绍传统制造模式内涵和制造新模式的特点基础上,阐述了制造模式创新原理和驱动要素,提出了制造模式在实施过程中的演化和决策模型,回顾了中国企业实施制造新模式的概况。 |
| ● |
| 相关链接 |
|
|
|
正题名:未来制造新模式
索取号:TH166/12
 
预约/预借
| 序号 | 登录号 | 条形码 | 馆藏地/架位号 | 状态 | 备注 |
| 1 | 2000900137 | 2000900137 | 第三书库/ [索取号:TH166/12] | 在馆 | |
| 2 | 2000900138 | 2000900138 | 第三书库/ [索取号:TH166/12] | 在馆 | |
| 3 | 2000900139 | 2000900139 | 第三书库/ [索取号:TH166/12] | 在馆 |